000 00353nam a22001577a 4500
003 MACL
005 20151118132510.0
008 151118b xxu||||| |||| 00| 0 eng d
040 _cMACL
041 _aEnglish
082 _a610/SIN
100 _aDr,Singh.P.K.
_917421
245 _aAlternative Medicine
650 _aMedicine
_917422
942 _2ddc
_cBK
999 _c50652
_d50652